000 00572nam a22001817a 4500
005 20251108164144.0
008 250721s1991 xx 000 0 ara d
082 1 4 _aم/620.419/مات
100 1 _aمالتيوس، هنري
245 1 0 _aموسوعة المكوك الفضائي و الطائرات الصاروخية /
264 1 _aبيروت :
_bدار العلم للملايين،
_c1991.
300 _a355ص
650 1 7 _aالفضاء
650 1 7 _aمكوك الفضاء
650 1 7 _aالطائرات الصاروخية
942 _2ddc
_cREF
999 _c5051
_d5051